Kinmanaiye uyanpallah (Record no. 6028)
[ view plain ]
| 000 -LEADER | |
|---|---|
| fixed length control field | 00388nam a22001577a 4500 |
| 005 - DATE AND TIME OF LATEST TRANSACTION | |
| control field | 20250430050533.0 |
| 008 - FIXED-LENGTH DATA ELEMENTS--GENERAL INFORMATION | |
| fixed length control field | 250430b |||||||| |||| 00| 0 eng d |
| 020 ## - INTERNATIONAL STANDARD BOOK NUMBER | |
| ISBN | 955584644 |
| 082 ## - DDC Classification | |
| DDC Edition Number | 22 |
| Class No. | 891 |
| Item Number - Author Mark | KIN |
| 100 ## - MAIN ENTRY--PERSONAL NAME | |
| Personal name | Perera M. Y |
| 245 ## - TITLE STATEMENT | |
| Title | Kinmanaiye uyanpallah |
| 260 ## - PUBLICATION, DISTRIBUTION, ETC. | |
| Place of publication, distribution, etc. | Kottawa |
| Name of publisher, distributor, etc. | Sara Publishers & Printers |
| Date of publication, distribution, etc. | 1993 |
| 300 ## - PHYSICAL DESCRIPTION | |
| Extent (e.g. Volumes, Pages etc.) | 156 p ., |
| 650 ## - SUBJECT ADDED ENTRY--TOPICAL TERM | |
| Topical term or geographic name entry element | Short Stories |
| 942 ## - Koha item type (Biblio) | |
| Koha item type | Books in Stacks (Lending) |
| Lost status | Damaged status | Collection code | Home library | Current library | Date acquired | Full call number | Accession Number | Item type |
|---|---|---|---|---|---|---|---|---|
| Lending | WERC Library | WERC Library | 04/30/2025 | 891 KIN | 2813 | Books in Stacks (Lending) |
